00418 2200157 4500001002100000005001500021035002000036245009000056100001800146300001200164260002800176082000800204084001400212020002200226990001200248INLIS00000000000178020250506084410 a0010-05250000721 aRajanya Singa :bHutan Metropolitan Lebih Kejam Daripada Hutan Rimba /c@rajanyasinga0 a@rajanyasinga a160 hlm aDepok :bKeripik,c2011 a813 a813 @RA r a978-602-19242-0-4 a0754587